THE REVENGE OF THE SUSTITUTE (Record no. 6082)
[ view plain ]
| 000 -LEADER | |
|---|---|
| fixed length control field | 00548nam a22001337a 4500 |
| 020 ## - INTERNATIONAL STANDARD BOOK NUMBER | |
| ISBN | -0-590-05902-5 |
| 082 ## - DEWEY DECIMAL CLASSIFICATION NUMBER | |
| Classification number | 823 |
| Item number | law/r |
| 100 ## - MAIN ENTRY--AUTHOR NAME | |
| Personal name | LAWRENCE/JAN |
| 245 ## - TITLE STATEMENT | |
| Title | THE REVENGE OF THE SUSTITUTE |
| 300 ## - PHYSICAL DESCRIPTION | |
| Number of Pages | LONDON |
| Other physical details | SCHOLASTIC INC |
| Accompanying material | 1998 |
| 520 ## - SUMMARY, ETC. | |
| Summary, etc | Jeff, Matt, and their friends are delighted when their strict fifth-grade teacher, Mr. Manlin, is replaced by a series of gullible substitutes, until the arrival of the infamous Ms. Wilder, who soon has them yearning for the good old days of Mr. Manlin. |
| 650 ## - SUBJECT ADDED ENTRY--TOPICAL TERM | |
| Topical Term | SHORT STORY |
| 942 ## - ADDED ENTRY ELEMENTS (KOHA) | |
| Koha item type | Books |
| Withdrawn status | Lost status | Collection code | Home library | Current library | Shelving location | Date acquired | Source of acquisition | Full call number | Accession Number | Koha item type |
|---|---|---|---|---|---|---|---|---|---|---|
| Fiction | Main Library | Main Library | SHELF 15-J-CHILDREN'S STORYBOOKS | 10/10/2012 | Purchase | 823 law/r | 07105 | Books |